| 000 | 00457 a2200169 4500 | ||
|---|---|---|---|
| 001 | 002489 | ||
| 003 | OSt | ||
| 005 | 20220128114754.0 | ||
| 008 | |||
| 082 |
_a536.7 _bC13T |
||
| 100 | 1 | _aCallen, Herbert B. | |
| 245 | 1 |
_aThermodynamics and an introduction to thermostatistics _cby Herbert B. Callen |
|
| 260 |
_aIndia _bWIley _c2005 |
||
| 300 | _a493p. | ||
| 653 | _aThermodynamics; Statistical mechanics | ||
| 942 |
_2ddc _cBK |
||
| 999 |
_c89 _d89 |
||